Liste des pays du monde par superficie forestière - Statistiques

Statistiques générales
  • Ce quiz a été pris 192 fois
  • Le résultat moyen est 4 sur 15
Statistiques - réponses
CONTINENT % de la superficie Réponse % Correct
Europe 69% Finlande
84%
Europe 75% Suède
84%
Amérique 70% Guyana
33%
Amérique 90% Suriname
33%
Afrique 85% Gabon
30%
Asie 67% Japon
26%
Asie 72% Laos
26%
Europe 60% Slovénie
21%
Océanie 89% Tuvalu
17%
Océanie 87% Palaos
15%
Océanie 90% Micronésie
14%
Amérique 72% Belize
13%
Asie 64% Bhoutan
13%
Afrique 78% Mozambique
8%
Afrique 89% Seychelles
4%
Aucun quiz correspondant
Distribution des résultats
% des personnes avec chaque résultat
Percentile par nombre de réponses
Votre historique - résultats
Vous n’avez pas pris ce quiz